000
00338nam a2200145Ia 4500
008
150201s2003 xx 000 0 und d
082
_a
617.96
_b
P03H
100
_a
HEALY, THOMAS
245
_a
PRACTICE OF ANESTHESIA
250
_a
7TH
260
_b
ARNOLD
_a
LONDON
_c
2003
300
_a
1-1435
650
_a
ANAESTHESIOLOGY
942
_2
ddc
_c
BK
999
_c
256
_d
256